000 01286nam a2200349 a 4500
001 vtls000183568
003 NLI
005 20210602111200.0
008 101125s2004 enka 001 0 eng
020 _a1843767996 :
_cPND 69.95
039 9 _y201011252213
_zVLOAD
040 _aNLI
_beng
_cDatasoft 1
_eAACR2
041 0 _aeng
044 _aenk
082 0 4 _a338.064
100 1 _aHuber, Joseph,
_d1948-
_9358575
245 1 0 _aNew technologies and environmental innovation /
_cJoseph Huber
260 _aCheltenham, Eng. :
_bEdward Elgar,
_cc2004
300 _ax, 365 p. :
_bill. ;
_c24 cm.
504 _aIncludes bibliographical references and index
650 0 _aTechnological innovations
_xEconomic aspects
_971689
650 0 _aTechnological innovations
_xEnvironmental aspects
_9340234
650 0 _aGreen technology
_xTechnological innovations
_9358576
650 0 _aNew products
_xEnvironmental aspects
_975529
650 0 _aProduct life cycle
_xEnvironmental aspects
_9358577
887 _a
901 _a548899
_b23.11.2004
902 _aE 338.064 H 862
942 _2ddc
_cBKS
949 _AVIRTUAITEM
_D10000
_X100
_6PUR000548899ENG
999 _aVIRTUA40
_c190355
_d190355
999 _aVTLSSORT0080*0200*0400*0410*0440*0820*1000*2450*2600*3000*5040*6500*6501*6502*6503*6504*9010*9020*9490*9991